<?xml version="1.0" encoding="UTF-8"?>
<record
    xmlns:xsi="http://www.w3.org/2001/XMLSchema-instance"
    xsi:schemaLocation="http://www.loc.gov/MARC21/slim http://www.loc.gov/standards/marcxml/schema/MARC21slim.xsd"
    xmlns="http://www.loc.gov/MARC21/slim">

  <leader>01029nam a22002297a 4500</leader>
  <datafield tag="999" ind1=" " ind2=" ">
    <subfield code="c">7257</subfield>
    <subfield code="d">7257</subfield>
  </datafield>
  <controlfield tag="003">OSt</controlfield>
  <controlfield tag="005">20191106154210.0</controlfield>
  <controlfield tag="008">191106s2018    sp a   | |||| 000 0 cat d</controlfield>
  <datafield tag="017" ind1=" " ind2=" ">
    <subfield code="a">V 1703-2018</subfield>
  </datafield>
  <datafield tag="040" ind1=" " ind2=" ">
    <subfield code="a">SpMaBN</subfield>
    <subfield code="b">cat</subfield>
    <subfield code="c">CDMR</subfield>
  </datafield>
  <datafield tag="130" ind1="0" ind2=" ">
    <subfield code="a">Periodisme freelance</subfield>
  </datafield>
  <datafield tag="245" ind1="1" ind2="0">
    <subfield code="a">Periodisme freelance</subfield>
    <subfield code="b">: guia per al professional aut&#xF2;nom i Informe de situaci&#xF3; del sector 2018 </subfield>
    <subfield code="c">una publicaci&#xF3; d'Uni&#xF3; de Periodistes Valencians ; redacci&#xF3;, IV Beca Emili Gisbert Lorena Ortega Plaza ; traducci&#xF3;, Roger Sarri&#xE0;</subfield>
  </datafield>
  <datafield tag="260" ind1=" " ind2=" ">
    <subfield code="a">[Valencia] :</subfield>
    <subfield code="b">Uni&#xF3; de Periodistes Valencians,</subfield>
    <subfield code="c">[2018]</subfield>
  </datafield>
  <datafield tag="300" ind1=" " ind2=" ">
    <subfield code="a">115, 113 p.</subfield>
    <subfield code="b">il</subfield>
    <subfield code="c">30 cm</subfield>
  </datafield>
  <datafield tag="504" ind1=" " ind2=" ">
    <subfield code="a">Inclou refer&#xE8;ncies bibliogr&#xE0;fiques</subfield>
  </datafield>
  <datafield tag="546" ind1=" " ind2=" ">
    <subfield code="a">Text en castell&#xE0; i valenci&#xE0;</subfield>
  </datafield>
  <datafield tag="650" ind1=" " ind2="4">
    <subfield code="a">Periodisme</subfield>
    <subfield code="x">Orientaci&#xF3; professional</subfield>
    <subfield code="9">382</subfield>
  </datafield>
  <datafield tag="650" ind1=" " ind2="4">
    <subfield code="a">Relacions laborals</subfield>
    <subfield code="x">Periodisme</subfield>
    <subfield code="9">3492</subfield>
  </datafield>
  <datafield tag="710" ind1="2" ind2=" ">
    <subfield code="a">Uni&#xF3; de Periodistes Valencians</subfield>
  </datafield>
  <datafield tag="856" ind1=" " ind2=" ">
    <subfield code="u">http://www.unioperiodistes.org/wp-content/uploads/2018/06/dossier1-upv-val-dg.pdf</subfield>
    <subfield code="y">Disponible en l&#xED;nia </subfield>
    <subfield code="z">(Acc&#xE9;s lliure)</subfield>
  </datafield>
  <datafield tag="942" ind1=" " ind2=" ">
    <subfield code="c">LLIBRE-E</subfield>
  </datafield>
  <datafield tag="952" ind1=" " ind2=" ">
    <subfield code="0">0</subfield>
    <subfield code="1">0</subfield>
    <subfield code="4">0</subfield>
    <subfield code="7">0</subfield>
    <subfield code="a">CDMR</subfield>
    <subfield code="b">CDMR</subfield>
    <subfield code="d">2019-11-06</subfield>
    <subfield code="e">Donaci&#xF3;</subfield>
    <subfield code="l">0</subfield>
    <subfield code="p">CDMR19110001</subfield>
    <subfield code="r">2019-11-06</subfield>
    <subfield code="w">2019-11-06</subfield>
    <subfield code="y">LLIBRE-E</subfield>
  </datafield>
</record>
